Lanean...
Islamika thathwachintha
| Egile nagusia: | |
|---|---|
| Formatua: | Printed Book |
| Argitaratua: |
Calicut
Raspberry books
2013
|
| Gaiak: |
| LEADER | 00405nam a22001217a 4500 | ||
|---|---|---|---|
| 082 | |a 181.07 |b SID.I | ||
| 100 | |a SIDDIQ MUHAMMAD | ||
| 245 | |a Islamika thathwachintha | ||
| 260 | |a Calicut |b Raspberry books |c 2013 | ||
| 650 | |a Oriental Philosophy | ||
| 942 | |c BK | ||
| 999 | |c 271 |d 271 | ||
| 952 | |0 0 |1 0 |4 0 |6 181_070000000000000_SID_I |7 0 |8 NFIC |9 270 |a CAMPUS |b CAMPUS |c GEN |d 2014-11-27 |l 0 |o 181.07 SID.I |p 17965 |r 2014-11-27 |w 2014-11-27 |y BK | ||